Western Africa - With Map - Statistics

General Stats
  • This quiz has been taken 469 times
    447 since last reset
  • The average score is 14 of 16
Answers on the Map
Answers color-coded by a green-red scale on the quiz's map according to % correct below.
 
Answer Stats
Answer % Correct
Ghana
91%
Mali
91%
Cote D' Ivoire
90%
Niger
89%
Guinea
88%
Nigeria
88%
Togo
88%
Benin
84%
Liberia
84%
Senegal
84%
Mauritania
83%
Sierra Leone
83%
Cape Verde
82%
Burkina Faso
80%
Gambia
78%
Guinea- Bissau
77%
No matching quizzes found
Score Distribution
Percent of People with Each Score
Percentile by Number Answered
Your Score History
You have not taken this quiz since the last reset